Najdroższy piłkarz z każdego klubu Bundesligi - styczeń 2026 - Statystyki

Ogólne statystyki
  • Ten quiz został rozwiązany 142 razy
    19 od ostatniego zresetowania
  • Średni wynik to 3 z 18
Statystyki odpowiedzi
KLUB PIŁKARZ % Poprawnych
Bayern Monachium 130 mln Jamal Musiala Michael Olise
100%
Borussia Dortmund 60 mln Karim Adeyemi
37%
Hamburger SV 40 mln Luka Vuskovic
32%
Eintracht Frankfurt 45 mln Can Uzun
26%
1. FC Köln 40 mln Said El Mala
21%
RB Lipsk 45 mln Yan Diomande Castello Lukeba
21%
VfB Stuttgart 45 mln Angelo Stiller
16%
Bayer Leverkusen 40 mln Jarell Quansah
5%
VfL Wolfsburg 32 mln Mohamed Amoura
5%
FC Augsburg 22 mln Chrislain Matsima
0%
1. FC Heidenheim 7 mln Diant Ramaj
0%
TSG Hoffenheim 30 mln Fisnik Asllani
0%
FC St. Pauli 8 mln Joel Chima Fujita
0%
SC Freiburg 30 mln Johan Manzambi
0%
1. FSV Mainz 05 25 mln Kaishu Sano
0%
Werder Brema 20 mln Karim Coulibaly
0%
Union Berlin 18 mln Leopold Querfeld
0%
Borussia M'gladbach 17 mln Rocco Reitz
0%
Nie znaleziono quizów pasujących do podanych kryteriów
Rozkład punktacji
Procent ludzi z każdym wynikiem
Percentyl według liczby udzielonych odpowiedzi
Twoja historia wyników
Nie rozwiązałeś tego quizu od ostatniego zresetowania